000 00482nam a2200133Ia 4500
008 221007s9999 xx 000 0 und d
041 _aeng
082 _bBIW
100 _aBiware Pooja S - 2k131122; Prof.Pranita Sonar - Guide & [Company Name] - Bajaj Allianz life Insurance Company Ltd.
_9103240
245 _aRecruitment & Selection at Bajaj Allianz Life Insurance Company Ltd.
260 _cSep-15
_bSavitribai Phule Pune University
_aPune
300 _a69p
906 _bGeneral
999 _c73572
_d73572